[Event "Portland Summer Open"]
[Site "?"]
[Date "1976.06.12"]
[Round "1"]
[White "Bailey, B."]
[Black "Ryan, F."]
[Result "0-1"]
[WhiteElo "1821"]
[BlackElo "1584"]
[Annotator "Stockfish 14 (15s)"]
[PlyCount "112"]

{C88: Closed Ruy Lopez: Anti-Marshall Systems} 1. e4 e5 2. Nf3 Nc6 3. Bb5 a6 4.
Ba4 Nf6 5. O-O Be7 6. Re1 b5 7. Bb3 O-O 8. a4 b4 9. d3 d6 10. Nbd2 Bg4 11. c3 (
11. h3 Bh5 12. c3 Rb8 (12... a5 13. Nc4 Nd7 14. Ne3 Rb8 15. Bd5 Na7 16. Nf5 Nb6
17. Ba2 bxc3 18. bxc3 Bxf3 19. Qxf3 Nxa4 20. Qg3 g6 21. Nh6+ Kg7 22. Nxf7 Rxf7
23. Bxf7 Kxf7 24. Rxa4 Rb1 25. Qf3+ Kg8 26. Qe2 {
1-0 (26) Popovic,A (2045)-Pavlovic,S (2033) Beograd 2006}) 13. Bc4 Qc8 14. a5
Rd8 15. Nf1 bxc3 16. bxc3 d5 17. exd5 Nxd5 18. Bd2 f6 19. Ng3 Bf7 20. Qa4 Qb7
21. Kh2 Bf8 22. Rab1 Qa8 23. Rxb8 Rxb8 24. Nf5 Nce7 25. Nxe7+ Bxe7 {
Short,N (2475)-Timman,J (2605) Amsterdam 1983 1/2-1/2 (83)}) 11... Nd7 $2 $146
(11... bxc3 12. bxc3 Na5 (12... Qd7 13. Nf1 Na5 14. Bc2 c5 15. h3 Bh5 16. Ng3
Bg6 17. Nh4 Nc6 18. Ngf5 Nh5 19. Qg4 Nf6 20. Qf3 Ne8 21. g4 Bxh4 22. Nxh4 Qe7
23. Nf5 Bxf5 24. gxf5 Nf6 25. Bg5 h6 26. Be3 Rab8 27. Reb1 {
Juarez Flores,C (2425)-Melita,F Buenos Aires 1998 1/2-1/2 (39)}) 13. Bc2 c6 14.
h3 Bd7 15. d4 exd4 16. cxd4 Qc7 17. e5 Nd5 18. Ne4 f6 19. exd6 Bxd6 20. Nxd6
Qxd6 21. Ba3 c5 22. Bxc5 Qf4 23. Bxf8 Rxf8 24. Qd3 g6 25. Qxa6 Nb4 26. Qxa5 {
Rosskothen,A (2195)-Froehling,E (1438) Leverkusen 2004 1-0}) (11... Rb8 12. a5
d5 13. Qe2 d4 14. c4 Ne8 15. h3 Bd7 16. Nf1 Bf6 17. Ng3 g6 18. Bh6 Bg7 19. Qd2
Qe7 20. c5 {1/2-1/2 (20) Pirttila,M-Kaveniemi,K Finland 1990}) (11... Na5 $142
$11) 12. Bd5 $18 Ndb8 13. Nf1 (13. Nc4 Be6 $18) 13... Be6 (13... bxc3 14. bxc3
Be6 15. Rb1 Bxd5 16. exd5 $18) 14. Ne3 (14. d4 $5 exd4 15. cxd4 Bxd5 16. exd5
Na7 $18) 14... bxc3 $16 15. bxc3 Bxd5 16. Nxd5 (16. exd5 Na5 $16) 16... Na5 $16
17. Be3 (17. Rb1 Nd7 $16) 17... Nd7 18. Rb1 c6 19. Nxe7+ Qxe7 20. g3 (20. h3 $5
$16) 20... Rfb8 $14 21. Qe2 Rb3 (21... c5 22. Rbd1 $14) 22. Rxb3 $16 Nxb3 23.
Nh4 (23. Rb1 Na5 $16) 23... Nbc5 24. Nf5 Qe6 25. Qc2 (25. f4 Kh8 26. a5 Rb8 $14
) 25... g6 $11 26. Nh4 (26. Bxc5 Nxc5 27. d4 Nd7 $11) 26... Rb8 (26... Qb3 27.
Qxb3 Nxb3 28. d4 $15) 27. Bxc5 $11 Nxc5 28. d4 exd4 29. cxd4 Qb3 30. Qd2 (30.
Rc1 Qxc2 31. Rxc2 Nxe4 $11) 30... Nxa4 (30... Qd3 $142 31. Nf3 Qxd2 32. Nxd2
Nxa4 $11) 31. e5 $2 (31. Nf5 Qc3 32. Qxc3 Nxc3 33. Ne7+ Kf8 34. Nxc6 Rb5 $11)
31... Qc3 (31... dxe5 $5 32. Rxe5 Nc3 $17) 32. Qxc3 (32. Qe2 $5 Rb2 33. Qd1
dxe5 34. dxe5 $11) 32... Nxc3 $15 33. Re3 $2 (33. exd6 Rd8 $15) 33... Nd5 (
33... Nb5 $142 $5 34. exd6 Nxd6 $19) 34. Ra3 $17 dxe5 35. Rxa6 $4 (35. dxe5
$142 Rb1+ 36. Kg2 $17) 35... Nb4 $19 36. Ra5 (36. Ra1 Nc2 37. Rc1 Nxd4 $19)
36... exd4 37. Nf3 Rd8 (37... d3 $5 38. Kg2 $19) 38. Kf1 Kg7 (38... d3 $142 39.
Nd2 $19) 39. Ke2 Rd5 (39... Rd6 $142 40. Ne5 Kf6 $19) 40. Rxd5 $17 Nxd5 (40...
cxd5 $142 $5 41. Nxd4 Kf6 $17) 41. Nxd4 $11 Ne7 42. f3 Kf6 43. Kd3 $4 (43. f4
$142 $11) 43... Ke5 $19 44. Kc4 Kd6 45. f4 $2 (45. Nb3 Nd5 46. Kd4 $19) 45...
Nf5 (45... Nd5 $142 $19) 46. Nf3 f6 $4 (46... Ne3+ $142 47. Kd3 Ng4 $19) 47.
Kd3 $4 (47. Nd2 $142 $15) 47... Kd5 $19 48. g4 (48. Nd2 Nd6 $19) 48... Nd6 49.
h4 (49. Ne1 c5 50. Nc2 c4+ 51. Ke3 $19) 49... c5 50. h5 (50. Ke3 f5 51. g5 $19)
50... c4+ 51. Ke3 gxh5 52. gxh5 Nf5+ 53. Kd2 Ng3 54. h6 Nf5 55. Ng5 fxg5 56.
fxg5 Ne7 0-1

[Event "Portland Summer Open"]
[Site "?"]
[Date "1976.06.12"]
[Round "2"]
[White "Haessler, C."]
[Black "Bailey, B."]
[Result "1-0"]
[WhiteElo "1737"]
[BlackElo "1821"]
[Annotator "Stockfish 14 (15s)"]
[PlyCount "59"]

{C55: Two Knights: 4 d3, 4 d4 exd4 5 e5 and Max Lange Attack} 1. e4 e5 2. Nf3
Nc6 3. Bc4 Nf6 4. O-O Be7 5. d4 d6 6. c3 O-O 7. Re1 exd4 $146 (7... Bg4 8. d5
Nb8 9. h3 (9. Bg5 Nbd7 10. Nbd2 Nxd5 11. Bxd5 Bxg5 12. Bxb7 Rb8 13. Bd5 Nf6 14.
Qc2 Nxd5 15. exd5 Bh6 16. h3 Bh5 17. b4 f5 18. Nh2 Qf6 19. Nb3 g5 20. Na5 g4
21. hxg4 fxg4 22. Nf1 Rb5 23. Nc6 Rxd5 {
Dencsi,T (2126)-Hegedus,G (2107) Fuzesabony 2002 1-0 (74)}) 9... Bc8 10. Bb3
Kh8 11. Bc2 Ng8 12. c4 a5 13. Nc3 Na6 14. b3 Nc5 15. Rb1 f5 16. exf5 Bxf5 17.
a3 Qe8 18. b4 axb4 19. axb4 Na4 20. Nxa4 Bxc2 21. Qxc2 Qxa4 22. Qd3 {
Thein,D (2539)-Wong Meng Kong (2459) Yangon 1999 0-1}) (7... Nd7 8. Nbd2 Bf6 9.
Nb3 a5 10. a4 Nb6 11. Be2 Bd7 12. Be3 Qe8 13. Bb5 g6 14. Bh6 Bg7 15. Bxg7 Kxg7
16. Nbd2 f6 17. Nc4 Nxc4 18. Bxc4 Nd8 19. Qb3 Be6 20. Bxe6 Nxe6 21. Rad1 Qc8
22. Qc4 {Diez Maniega,V-Fernandez Diaz,A Gijon 2003 1/2-1/2 (32)}) (7... Bg4 8.
d5 Nb8 9. Bd3 $14) 8. Nxd4 (8. cxd4 $142 $5 Bg4 9. Nc3 $16) 8... Nxd4 (8... Re8
9. h3 $11) 9. Qxd4 (9. cxd4 c6 $14) 9... Ng4 10. f4 $4 (10. Be2 $142 $14) 10...
Bf6 $19 11. Qd2 c6 12. h3 (12. Kh1 $142 Qb6 13. Re2 $19) 12... Bh4 $4 (12...
Qb6+ $142 13. Kh1 Nf2+ 14. Kh2 Nxe4 15. Rxe4 d5 $19) 13. hxg4 $18 Bxe1 (13...
d5 14. exd5 Bxe1 15. Qxe1 $18) 14. Qxe1 Bxg4 15. Be3 Re8 16. Bd3 (16. Nd2 $142
d5 17. exd5 cxd5 $18) 16... d5 (16... f5 17. Nd2 fxe4 18. Bxe4 Qd7 $18) 17. e5
Qd7 18. Nd2 b6 19. a4 f6 (19... Qe6 20. Qh4 Bf5 21. Be2 $18) 20. exf6 Qe6 (
20... gxf6 21. Nf1 Re7 22. Qh4 $18) 21. Nf1 Qxf6 22. Qg3 Bd7 (22... h5 23. Bd4
Qh6 24. Ne3 $18) 23. Bd4 Qf7 (23... Qh6 24. Ne3 $18) 24. Be5 (24. Ne3 c5 25.
Be5 Re6 $18) 24... Re7 (24... Re6 25. Ne3 $18) 25. Nh2 (25. Qh4 $5 h6 26. Bg6
Qxg6 27. Qxe7 Bf5 $18) 25... Bf5 (25... Qh5 26. c4 $18) 26. Ng4 Bxg4 27. Qxg4
g6 28. Rf1 c5 (28... Rae8 29. Qg3 $18) 29. Qh4 c4 (29... Rae8 30. Bb5 Rc8 $18)
30. Bxg6 $1 (30. Bxg6 Qxg6 31. Qxe7 $18) 1-0

[Event "Portland Summer Open"]
[Site "?"]
[Date "1976.06.13"]
[Round "4"]
[White "Weaver, P."]
[Black "Bailey, B."]
[Result "1/2-1/2"]
[WhiteElo "1548"]
[BlackElo "1821"]
[Annotator "Stockfish 14 (15s)"]
[PlyCount "85"]

{C24: Bishop's Opening: 2...Nf6} 1. e4 e5 2. Nc3 Nf6 3. Bc4 Be7 4. d3 O-O 5. f4
d6 6. Nf3 Nbd7 7. f5 $146 (7. O-O c6 8. Bb3 (8. Kh1 exf4 (8... b5 9. Bb3 exf4
10. Bxf4 Nc5 11. Nd4 Bd7 12. Qf3 Qc8 13. h3 a5 14. a3 Nxb3 15. cxb3 Qa6 16. Bh2
Ne8 17. Nf5 Bxf5 18. Qxf5 Qc8 19. Qf2 Qe6 20. Ne2 Bf6 21. Nd4 Bxd4 22. Qxd4
Qxb3 23. Rf3 {Michna,C (2205)-Syed,T (2123) Frankfurt 2003 1/2-1/2}) 9. Bxf4
Nc5 10. Qe1 d5 11. exd5 b5 12. Ne5 bxc4 13. Nxc6 Qb6 14. Nxe7+ Kh8 15. dxc4
Qxb2 16. Bd6 Nfd7 17. Qd2 Ba6 18. Rab1 Qa3 19. Qd4 Nb3 20. cxb3 Qxd6 21. Qxg7+
Kxg7 22. Nf5+ Kg6 {Lemmers,O (2415)-De Vreugt,D (2498) Rotterdam 2000 1-0 (32)}
) 8... Qc7 (8... Nc5 9. f5 Nxb3 10. axb3 Qc7 11. Bg5 d5 12. Bxf6 Bxf6 13. g4
Qe7 14. Qe2 d4 15. Nd1 h6 16. Qf2 Bg5 17. h4 Bf6 18. Qg3 g5 19. hxg5 hxg5 20.
Kg2 Bd7 21. Nf2 Bh8 22. Rh1 f6 23. Rh2 {
Vigile,M (2080)-Tirrito,L (2036) Bratto 2003 1-0 (40)}) 9. Kh1 Nc5 10. Be3 Nxb3
11. axb3 b6 12. Qe1 Ng4 13. f5 Nxe3 14. Qxe3 Bb7 15. g4 f6 16. h4 d5 17. Qf2
Bc5 18. Qg3 Kf7 19. g5 Ke8 20. Rfe1 Kd8 21. Rad1 Bd6 {
Samuelson,A (2194)-Salgado,A Washington DC 2006 1-0 (41)}) (7. O-O $142 $5 $14)
7... c6 $15 8. O-O $2 (8. a3 $142 $5 a5 9. a4 $15) 8... b5 $17 9. Bb3 Nc5 (9...
a5 $5 10. a3 Ba6 11. Kh1 $17) 10. Bg5 a5 11. a3 Nxb3 (11... Ba6 12. Ne2 Ng4 13.
Qd2 $17) 12. cxb3 Nd7 (12... Bb7 13. Qc2 $15) 13. Be3 (13. Bxe7 Qxe7 14. b4 Nf6
$11) 13... Ba6 (13... Bb7 14. a4 b4 15. Ne2 $17) 14. Ne2 (14. b4 axb4 15. axb4
Bb7 $15) 14... d5 (14... b4 15. axb4 axb4 16. Ng3 $17) 15. Ng3 (15. exd5 cxd5
16. d4 e4 $17) 15... Rc8 (15... b4 16. axb4 Bxb4 17. f6 $17) 16. exd5 (16. b4
$5 $11) 16... cxd5 $17 17. b4 a4 $4 (17... d4 18. Bd2 axb4 $17) 18. d4 $14 e4
19. Ne5 Bf6 $2 (19... Nf6 20. Rf2 $14) 20. Bf4 (20. Nxd7 $142 Qxd7 21. Nh5 $16)
20... Re8 $11 21. Nxd7 Qxd7 22. Be3 Rc4 {Attacking the isolated pawn on d4} 23.
Nh5 Qd6 24. Qg4 Kh8 (24... Rxd4 $4 25. Nxg7 Kf8 26. Ne6+ Ke7 27. Bxd4 Bxd4+ 28.
Nxd4 $18) 25. Rad1 Bb7 $2 (25... Bc8 $142 $11) 26. Nxf6 $18 Qxf6 27. Bg5 Qb6 (
27... Qd6 28. f6 g6 $18) 28. f6 $18 e3 $4 (28... Bc8 $142 29. Qh4 Kg8 $18) 29.
fxg7+ Kg8 30. Qf3 (30. Rxf7 $142 $1 Rc7 31. Rf6 Qxf6 32. Bxf6 $18) 30... Qe6
$16 31. Rfe1 (31. Rde1 $142 Rxd4 32. Rxe3 $16 (32. Bxe3 $6 Re4 33. Bd2 Qb6+ 34.
Kh1 Qg6 $11)) 31... e2 $11 32. Rd2 Rc1 33. Kf2 (33. Rxc1 $5 e1=R+ 34. Rxe1
Qxe1+ 35. Qf1 Kxg7 36. Rd3 Qxf1+ 37. Kxf1 $11) 33... Rxe1 $11 34. Kxe1 Qg6 35.
Be3 Bc8 36. h3 Qb1+ (36... Kxg7 $143 37. Rxe2 Re4 38. Rf2 $14) 37. Kxe2 Bf5 $2
(37... Be6 38. g4 $11) 38. g4 $4 (38. Qxd5 $142 Qg1 39. Qf3 Rxe3+ 40. Qxe3
Qxg2+ 41. Qf2 Qe4+ 42. Kf1 Qh1+ 43. Qg1 Qxh3+ 44. Ke1 Qh4+ 45. Rf2 $16) 38...
Be4 $11 39. Qg3 Rc8 40. Bf2 Rc2 41. Qb8+ Kxg7 42. Qe5+ Kg8 43. Qb8+ 1/2-1/2

[Event "Portland Summer Open"]
[Site "?"]
[Date "1976.06.13"]
[Round "5"]
[White "Bailey, B."]
[Black "Dawson, D."]
[Result "1-0"]
[WhiteElo "1821"]
[BlackElo "1467"]
[Annotator "Stockfish 14 (15s)"]
[PlyCount "105"]

{C75: Ruy Lopez: Deferred Steinitz: 5 c3 Bd7 6 d4 without ...g6} 1. e4 e5 2.
Nf3 Nc6 3. Bb5 a6 4. Ba4 d6 5. c3 Bd7 6. d3 Nge7 7. Nbd2 Ng6 8. g3 $146 (8. Nf1
Be7 9. h3 (9. Ne3 h6 10. g3 Bg5 11. Nd5 Bxc1 12. Qxc1 Nce7 13. Bxd7+ Qxd7 14.
Nxe7 Nxe7 15. O-O O-O 16. Nh4 d5 17. Qe3 Rad8 18. Nf3 Nc6 19. Qe2 dxe4 20. dxe4
Qd3 21. Rfe1 Qxe2 22. Rxe2 Rd3 23. Kg2 Rfd8 {
Hernandez,G (2530)-Hess,R (2354) Schaumburg 2006 1/2-1/2}) 9... Nh4 10. Ne3 O-O
11. Nxh4 Bxh4 12. g3 Bg5 13. h4 Bh6 14. Qh5 Bxe3 15. Bxe3 Qc8 16. Qe2 f5 17. f3
Kh8 18. Bc2 b5 19. O-O-O fxe4 20. dxe4 Na5 21. h5 Be6 22. g4 Bxa2 {
Razenkov,M (2229)-Bedia,M (2164) Krasnodar 2004 0-1}) 8... Be7 (8... Qf6 9. Qe2
$14) 9. Nf1 O-O (9... f5 10. h4 Bf6 11. Bb3 $16) 10. Ne3 Qc8 11. b4 (11. h4
$142 Bf6 12. Nd5 $16) 11... b5 $11 12. Bb3 Be6 (12... a5 $5 13. h4 axb4 $11)
13. Bb2 (13. h4 $5 Bxb3 14. Qxb3 $16) 13... Bf6 14. a3 (14. h4 a5 15. Bxe6 fxe6
$14) 14... Qd7 (14... Bxb3 15. Qxb3 Qh3 16. Ng1 $14) 15. Nd5 (15. h4 h6 $16)
15... Bxd5 (15... Bh3 $142 $5 $11) 16. Bxd5 $16 Nge7 17. Bb3 Rad8 (17... Qh3
18. Ng1 Qg2 19. Qf3 Qxf3 20. Nxf3 $16) 18. Qe2 (18. O-O d5 $18) 18... d5 19.
O-O d4 $4 (19... dxe4 $142 20. dxe4 Qg4 $18) 20. cxd4 exd4 (20... Ng6 21. d5
Nce7 22. Rfe1 $18) 21. Rac1 (21. e5 Bxe5 22. Nxe5 Nxe5 23. Qxe5 Nc6 $18) 21...
a5 (21... Ng6 22. Rc2 Rb8 $18) 22. e5 Rfe8 (22... Bxe5 23. Nxe5 Qd6 24. Nxc6
Nxc6 25. Rc5 axb4 26. axb4 Nxb4 27. Rxb5 $18) 23. e6 (23. exf6 $142 $5 Ng6 24.
Qd2 gxf6 25. bxa5 Nce5 $18) 23... Nd5 24. exd7 Rxe2 25. Rfe1 (25. Bxd5 $142 Ne7
26. Rfe1 Rxe1+ 27. Rxe1 $18) 25... Rxe1+ $16 26. Rxe1 Nde7 27. Bd5 Nb8 28. Bxd4
(28. bxa5 $142 c6 29. Be4 (29. Bxd4 $6 Rxd7 30. Bb3 Bxd4 31. Nxd4 Kf8 $16)
29... Rxd7 30. Bc1 $18) 28... Nxd7 29. Bxf6 (29. Ba2 Nf5 30. Bxf6 Nxf6 $11)
29... Nxf6 $11 30. Be4 (30. Ba2 Kf8 31. bxa5 Rxd3 $11) 30... axb4 31. axb4 Ned5
32. Bxd5 (32. Rc1 Kf8 33. Ne5 Nxe4 34. dxe4 Nxb4 35. Rxc7 f6 $11) 32... Nxd5
33. Re4 (33. Nd4 $5 Nxb4 34. Nxb5 $15) 33... g6 34. Rd4 c6 $4 (34... f6 $142
$17) 35. Ne5 $14 Rc8 36. Nxc6 Rxc6 37. Rxd5 Rc3 38. d4 (38. Kf1 Rb3 $16) 38...
Rc4 $14 39. Rxb5 Rxd4 40. Kg2 Kf8 41. Kf3 Ke7 $2 (41... Rd3+ $5 42. Ke4 Rd2 $16
) 42. Ke3 (42. Re5+ $142 Kd6 43. Re4 $18) 42... Rd6 $2 (42... Rd1 43. Re5+ Kd6
$16) 43. h4 (43. Re5+ Kd7 44. Re4 Rb6 45. Rd4+ Kc7 $18) 43... h5 (43... Rd1 44.
Ke4 Rd2 $18) 44. f3 (44. Re5+ $142 Kd7 45. Ke4 $18) 44... f6 $4 (44... Rd1 $142
$16) 45. Ke4 (45. Rc5 Rd1 46. b5 Rb1 $18) 45... Ke6 (45... Re6+ 46. Kd5 Re5+
47. Kc4 $18) 46. Rc5 f5+ (46... Ra6 47. Kd4 $18) 47. Kf4 Kf6 48. b5 Rd4+ 49.
Ke3 Rb4 50. Rc6+ Ke5 51. b6 f4+ (51... Rb3+ 52. Kd2 $18) 52. gxf4+ Rxf4 (52...
Kd5 53. Rxg6 Rb3+ 54. Kf2 Rb2+ 55. Kg3 Rb4 $18) 53. Rc5+ (53. Rc5+ Kd6 54. Kxf4
Kxc5 55. b7 g5+ 56. hxg5 h4 57. b8=Q h3 58. g6 h2 59. g7 h1=Q 60. g8=Q Qc1+ 61.
Kg4 Qg1+ 62. Kf5 Qxg8 63. Qxg8 Kd4 64. f4 Kc5 65. Kg6 Kb4 66. f5 Ka3 67. f6 Kb2
68. f7 Ka1 69. f8=Q Kb2 70. Qc5 Kb1 71. Qa2+ Kxa2 72. Qb4 Ka1 73. Kf5 Ka2 74.
Ke4 Ka1 75. Kd3 Ka2 76. Kc2 Ka1 77. Qa3#) 1-0

[Event "Evergreen Empire Open"]
[Site "?"]
[Date "1976.06.26"]
[Round "1"]
[White "Pappas, C."]
[Black "Bailey, B."]
[Result "1/2-1/2"]
[WhiteElo "1730"]
[BlackElo "1821"]
[Annotator "Stockfish 14 (15s)"]
[PlyCount "134"]

{A13: English Opening: 1...e6} 1. c4 Nf6 2. Nc3 e6 3. g3 d5 4. Bg2 c6 5. cxd5
exd5 6. d3 Nbd7 (6... d4 7. Ne4 Nxe4 8. dxe4 Bb4+ 9. Bd2 Bxd2+ 10. Qxd2 O-O 11.
Nf3 c5 12. e3 dxe3 13. Qxe3 Qa5+ 14. Qd2 Qxd2+ 15. Nxd2 Nc6 16. Nb3 Nb4 17. O-O
b6 18. a3 Nd3 19. Rab1 Be6 20. Nc1 Rad8 21. Rd1 {
Mance,B-Kolev,A (2345) Varna 1994 0-1}) 7. Nf3 Bd6 8. O-O O-O 9. e4 $146 (9.
Qc2 Nb6 10. h3 Re8 11. e4 Qc7 12. Bg5 Nh5 13. Rac1 dxe4 14. dxe4 h6 15. Be3 Qe7
16. Nd2 Be6 17. b3 Bc5 18. Nd5 cxd5 19. Bxc5 Qc7 20. Qd1 Qd7 21. Qxh5 {
1-0 (21) Barbero Verdu,F-Castellote Garcia,T Cullera 2004}) (9. b3 Re8 10. Bb2
Ne5 11. Nd4 h5 12. e4 dxe4 13. dxe4 h4 14. h3 hxg3 15. f4 Ng6 16. e5 Bc5 17.
Nce2 Nd5 18. Qc1 Bb6 19. Nxg3 Qh4 20. Kh2 Bxh3 21. Nf3 Qh6 22. Ng5 Bxg2+ 23.
Kxg2 Be3 {Stric,D (2163)-Kralovsky,M Prague 2003 0-1 (34)}) (9. a3 Re8 10. Rb1
Ne5 11. Nxe5 Bxe5 12. Bd2 d4 13. Na4 Qe7 14. Re1 Bd7 15. b4 b6 16. Bg5 h6 17.
Bxf6 Bxf6 18. b5 cxb5 19. Bxa8 Rxa8 20. Nb2 Qxa3 21. Qd2 Be7 22. Ra1 Bb4 23.
Qc2 Qc3 {Blanco,M-Castaneda,K Isla Margarita 1998 1/2-1/2 (44)}) 9... dxe4 10.
dxe4 Ne5 11. Nxe5 Bxe5 12. h3 Be6 13. Be3 Qc8 14. Kh2 Re8 (14... Bxc3 15. bxc3
Bc4 16. Re1 $14) 15. Qc2 Qc7 $2 (15... Bc4 $142 16. Rfd1 h5 $16) 16. f4 $18
Bxc3 17. Qxc3 (17. bxc3 $143 Bf5 18. Bd4 Bxe4 (18... Nxe4 $143 19. Be5 Nxg3 20.
Qxf5 (20. Bxc7 $4 Nxf1+ (20... Bxc2 $4 21. Kxg3 Re3+ 22. Bf3 $18) 21. Rxf1 Bxc2
$19) (20. Kxg3 $4 Rxe5 (20... Bxc2 21. Bxc7 Re3+ 22. Rf3 $18) 21. Qf2 Ra5 $19)
20... Nxf1+ 21. Rxf1 $16) 19. Bxe4 Nxe4 $17 (19... Rxe4 $4 20. Bxf6 Re6 21. Be5
$18)) 17... Rad8 18. b3 $4 (18. Bd4 $142 Bc8 19. Bxf6 gxf6 20. Qxf6 $18) 18...
Bc8 $11 19. Qc2 (19. e5 $142 Nd5 20. Qe1 $11) 19... Bf5 $17 20. Qc5 $4 (20.
exf5 $142 Rxe3 21. Rad1 $17) 20... Bxe4 $19 21. Qxa7 (21. Rad1 Bxg2 22. Kxg2 b6
$19) 21... Rd3 22. Bd4 (22. Rae1 Qd7 23. Bc1 Bxg2 24. Rxe8+ Nxe8 25. Kxg2 h5
$19) 22... Bxg2 23. Kxg2 Nh5 (23... c5 $142 24. Qxc5 Rxg3+ 25. Kh2 $19) 24.
Rae1 (24. Bf2 Re2 25. Rfd1 Rxg3+ 26. Kf1 Rxf2+ 27. Qxf2 Qc8 $19 (27... Rxh3 $6
28. Qd4 g5 29. Kg1 Nxf4 30. Qd8+ Qxd8 31. Rxd8+ Kg7 32. Rb8 $17)) 24... Rxg3+
25. Kh2 Qd7 26. Rxe8+ Qxe8 27. Qxb7 (27. Re1 Qc8 28. f5 $19) 27... h6 28. Be5
f6 (28... Rd3 29. Rg1 f6 30. Bxf6 Rd2+ 31. Rg2 Rxg2+ 32. Kxg2 Qe2+ 33. Kg1 Qe3+
34. Kf1 Qd3+ 35. Ke1 Qb1+ 36. Kd2 Qxa2+ (36... gxf6 37. Qc8+ Kh7 38. Qd7+ Ng7
39. Qd3+ Qxd3+ 40. Kxd3 $19) 37. Kc1 Nxf6 (37... gxf6 $6 38. Qc8+ Kh7 39. Qf5+
Kg7 40. Qd7+ Kg8 41. Qe6+ Kf8 42. Qd6+ Kf7 43. Qd7+ Kg6 44. Qg4+ Kh7 45. Qf5+
Kh8 46. Qxh5 Qa3+ 47. Kc2 $11) 38. Qc8+ Kf7 39. Qb7+ Kg6 $19) 29. Qb8 $11 Qxb8
30. Bxb8 Rc3 31. Rf2 Kf7 32. Re2 Ng3 33. Rb2 Nf1+ 34. Kg1 Ne3 35. Rb1 Ke6 36.
a4 Kd7 37. Ba7 Nd5 38. f5 Kc7 (38... c5 39. a5 $15) 39. b4 $11 Rf3 40. a5 Kb7
41. Bc5 Rxf5 42. Re1 h5 (42... Rf4 43. Bd6 Rd4 44. Re6 $11) 43. Re8 Rf4 {
The backward pawn on b4 becomes a target} 44. Rg8 Nxb4 45. Rxg7+ Ka6 46. Bb6 (
46. Rh7 $5 $11) 46... Nd5 $17 47. Ra7+ Kb5 48. Bd8 $4 (48. Rb7 $142 Re4 49.
Bd8+ Ka6 50. Rh7 $17) 48... c5 $19 49. Rd7 Rf5 (49... Kc6 $142 50. Rf7 Ra4 $19)
50. Rd6 $11 c4 51. a6 c3 52. a7 c2 53. Rc6 Kxc6 54. a8=Q+ Kb5 $4 (54... Kd7 55.
Qa4+ Kxd8 56. Qxc2 $11) 55. Qc8 (55. Qa5+ Kc4 56. Qd2 $18) 55... Ne3 $4 (55...
Rg5+ 56. Kh2 Rg8 57. Qxc2 Rxd8 58. Qf5 $11) 56. Qd7+ (56. Qb7+ $142 Ka4 57.
Qe4+ Kb5 58. Qe8+ Kc4 59. Qxe3 $18) 56... Kc4 $11 57. Qe6+ Kd3 58. Qa6+ Kd2 59.
Ba5+ Rxa5 60. Qxa5+ Kd1 $4 (60... Kd3 61. Qa3+ Ke2 62. h4 $11) 61. Qxh5+ (61.
Kf2 $142 c1=Q 62. Qxh5+ Kd2 63. Qe2+ Kc3 64. Qxe3+ Qxe3+ 65. Kxe3 Kc4 66. Kf4
Kd5 67. Kf5 Kd6 68. Kxf6 Kc5 69. h4 Kc6 70. h5 Kb5 71. h6 Kc4 72. h7 Kd4 73.
h8=Q Kd5 74. Qh4 Kc5 75. Ke6 Kb6 76. Kd5 Kb5 77. Kd6 Ka6 78. Kc6 Ka5 79. Qg4
Ka6 80. Qa4#) 61... Kd2 $11 62. Qa5+ Kd1 63. Kf2 Ng4+ 64. hxg4 c1=Q 65. Qe1+
Kc2 66. Qxc1+ Kxc1 67. Ke3 Kd1 1/2-1/2

[Event "Evergreen Empire Open"]
[Site "?"]
[Date "1976.06.26"]
[Round "2"]
[White "Bailey, B."]
[Black "Walker, V."]
[Result "1-0"]
[WhiteElo "1821"]
[BlackElo "1616"]
[Annotator "Stockfish 12 (20s)"]
[PlyCount "109"]

{B08: Pirc Defence: Classical System} 1. e4 g6 2. d4 Bg7 3. Nc3 d6 4. Nf3 Nd7
5. Be3 Ngf6 6. h3 e5 7. Qd2 (7. dxe5 dxe5 8. Qd2 O-O 9. O-O-O Qe7 10. Bh6 c6
11. Qg5 b5 12. Bd3 Re8 13. g4 Bh8 14. Nh4 Nc5 15. Nf5 Bxf5 16. gxf5 Bg7 17.
Rhg1 Rad8 18. f3 Rd6 19. Be2 Rxd1+ 20. Nxd1 a5 21. Ne3 Bxh6 {
Blatny,P (2525)-Ehlvest,J (2610) Philadelphia 1994 1/2-1/2 (45)}) (7. Bc4 O-O
8. Qd2 Nb6 9. Bb3 h6 10. O-O-O d5 11. Bxh6 Nxe4 12. Nxe4 f6 13. Bxg7 Kxg7 14.
Nc3 e4 15. Ng1 g5 16. Qe3 Bf5 17. Nge2 Re8 18. Qg3 Nd7 19. Nxd5 Rc8 20. Nec3 c6
21. Ne3 Bg6 {Vaquier,A-Tiesse,O Saint Quentin 2000 1-0 (52)}) 7... c6 8. Be2
O-O 9. Bh6 Re8 $146 (9... Qc7 10. Qg5 Re8 11. dxe5 Nxe5 12. h4 Neg4 13. Bxg7
Kxg7 14. Nd2 Qb6 15. O-O-O a5 16. Nc4 Qc7 17. Bxg4 Nxg4 18. Rdf1 d5 19. exd5
cxd5 20. Ne3 Nxe3 21. fxe3 Qe5 22. Qxe5+ {
1-0 (22) Borisova,A-Ponosova,Y St Petersburg 1999}) 10. Bxg7 Kxg7 11. O-O-O (
11. dxe5 dxe5 12. a4 a5 $11) 11... Qa5 (11... b5 12. dxe5 dxe5 13. Qe3 $15) 12.
g4 (12. h4 Nf8 13. a3 h5 $11) 12... Nb6 $4 (12... b5 $5 13. g5 Nh5 $15) 13. Nh2
(13. a3 Be6 $16) 13... Be6 (13... exd4 $142 $5 14. Qxd4 Qg5+ 15. Kb1 c5 $11)
14. a3 $16 Nc4 (14... Rad8 15. f4 exf4 16. Bd3 $16) 15. Bxc4 Bxc4 16. h4 (16.
g5 $142 $5 Nh5 17. Ng4 $16) 16... b5 $11 17. f3 b4 18. Nb1 Rab8 (18... c5 19.
dxc5 dxc5 20. h5 $11) 19. b3 (19. h5 $5 c5 20. dxe5 dxe5 21. hxg6 fxg6 22. g5
$11) 19... Be6 $11 20. a4 $2 (20. dxe5 $142 dxe5 21. g5 $11) 20... c5 $17 21.
d5 Bd7 22. h5 $2 (22. g5 Nh5 23. Na3 $19) 22... Bxa4 $4 (22... c4 $142 23. Nf1
c3 $19) 23. hxg6 $16 hxg6 24. Nf1 (24. bxa4 $142 $5 Rh8 25. Rdg1 $16) 24... Rh8
$11 25. Ng3 Bd7 26. Nf5+ $4 (26. Kb2 $5 Qa6 27. Nh5+ Nxh5 28. gxh5 $11) 26...
Bxf5 $17 27. gxf5 (27. exf5 Qa2 28. g5 $19) 27... Nh5 $4 (27... c4 $142 28.
bxc4 Qb6 $19) 28. Qg5 $11 Qd8 29. Qg4 Nf4 30. fxg6 fxg6 31. Nd2 Qe7 32. Nc4
Rxh1 33. Rxh1 Rh8 34. Rxh8 Kxh8 35. Na5 Qh7 36. Qc8+ Kg7 $4 (36... Qg8 $142 37.
Qxg8+ Kxg8 $11) 37. Qd7+ (37. Qc7+ $142 Kh8 38. Qb8+ Kg7 39. Qxa7+ Kh6 40.
Qxh7+ Kxh7 $18) 37... Kg8 38. Qxh7+ Kxh7 39. Kd2 g5 (39... Nh3 40. Nc4 Ng5 41.
Nxd6 Nxf3+ 42. Ke3 Ne1 $18) 40. Nc4 Kg7 41. Nxd6 Nh5 42. Nb7 g4 (42... Nf6 43.
Nxc5 Kf7 44. Nd3 $18) 43. fxg4 Nf6 44. Nxc5 Kg6 45. Kd3 Nxg4 46. Kc4 Ne3+ 47.
Kxb4 Nxc2+ 48. Kb5 Nd4+ 49. Ka6 Kf6 50. Kxa7 Ke7 51. Kb6 Kd8 52. b4 Kc8 53. b5
Kb8 (53... Kd8 54. Ka6 Nxb5 55. Kxb5 Kc7 56. d6+ Kxd6 57. Nd3 Ke6 58. Kc6 Kf6
59. Kd6 Kg6 60. Nxe5+ Kg5 61. Nd7 Kf4 62. e5 Ke3 63. e6 Ke4 64. e7 Kd4 65. e8=Q
Kc3 66. Qe3+ Kb2 67. Ne5 Kc2 68. Nc4 Kb1 69. Qc3 Ka2 70. Qb2#) 54. Nd7+ $18 Kc8
55. Nxe5 1-0

[Event "Evergreen Empire Open"]
[Site "?"]
[Date "1976.06.26"]
[Round "3"]
[White "Bailey, B."]
[Black "Bunge, R."]
[Result "1/2-1/2"]
[WhiteElo "1821"]
[BlackElo "1741"]
[Annotator "Stockfish 14 (15s)"]
[PlyCount "61"]

{B73: Sicilian Dragon: Classical System without 9 Nb3} 1. e4 c5 2. Nf3 Nc6 3.
d4 cxd4 4. Nxd4 Nf6 5. Nc3 d6 6. Be2 g6 7. Be3 Bg7 8. O-O O-O 9. f4 Ng4 10.
Bxg4 Bxd4 11. Bxd4 Bxg4 12. Qd2 Nxd4 13. Qxd4 Bd7 (13... Qd7 14. f5 gxf5 15. h3
Bh5 16. Rxf5 Bg6 17. Rg5 f6 18. Rg3 Kh8 19. Nd5 e5 20. Qe3 f5 21. Qg5 f4 22.
Rg4 Rf7 23. Re1 Rc8 24. Qh6 Qe6 25. Nc3 Bf5 26. Qxe6 Bxe6 27. Rg5 Rf6 28. Rd1 {
Arndt,O (1921)-Langschmidt,D (2017) Ruhrgebiet 2005 0-1 (39)}) 14. Rad1 (14. f5
Bc6 15. f6 Re8 16. Rad1 Qc7 17. fxe7 Qxe7 18. Qxd6 Kg7 19. Qf4 Rac8 20. Rd6 Rc7
21. Rf6 Rf8 22. h3 Rd7 23. e5 Qc5+ 24. Rf2 Re7 25. e6 g5 26. Qf5 Qxf5 27. R6xf5
f6 28. Nb5 Bxb5 {Podlesnik,B (2363)-Rovcanin,Z (2267) Sutomore 2004 1-0 (51)})
14... Bc6 15. Nd5 Bxd5 16. Qxd5 $146 (16. exd5 Qb6 17. Rfe1 Rfc8 18. Qxb6 axb6
19. Rxe7 Rxc2 20. Rd7 Rxb2 21. Rxd6 Raxa2 22. g3 Rg2+ 23. Kh1 Rxh2+ 24. Kg1
Rag2+ 25. Kf1 Rxg3 26. Rd8+ Kg7 27. Rd4 Rb3 28. Kg1 Rc2 29. Rd1 Rbb2 30. d6 Rd2
{Muscat,P-Soyeur,A (2120) Issy les Moulineaux 1997 0-1 (36)}) (16. exd5 $5 Qb6
17. Qxb6 axb6 18. a3 $11) 16... Qb6+ $15 17. Qd4 Qxd4+ 18. Rxd4 Rac8 19. c3 Rc5
20. Rfd1 Rfc8 21. Kf2 Kg7 22. Kf3 Ra5 23. a3 Rb5 (23... f5 24. Rd5 Rxd5 25.
Rxd5 $11) 24. R1d2 (24. Rb4 Rcc5 $14) 24... Rb3 25. Rb4 Rxb4 26. axb4 (26. cxb4
$143 Kf6 $17) 26... Kf6 27. Rd1 Ke6 28. Ra1 a6 29. Rd1 Rc4 (29... f5 30. g4 $11
) 30. g4 h6 31. h3 1/2-1/2